Historia social de la ciencia / (Record no. 32621)

MARC details
000 -LEADER
campo de control de longitud fija 00730nam a2200205 i 4500
001 - NÚMERO DE CONTROL
campo de control 32621
003 - IDENTIFICADOR DE NÚMERO DE CONTROL
campo de control ES-MaACL
007 - CAMPO FIJO DE DESCRIPCIÓN FÍSICA--INFORMACIÓN GENERAL
campo de control de longitud fija t|
008 - DATOS DE LONGITUD FIJA--INFORMACIÓN GENERAL
campo de control de longitud fija 030131s1967 sp ||||1| spa d
100 1# - ENTRADA PRINCIPAL--NOMBRE DE PERSONA
Nombre de persona Bernal, John Desmond.
9 (RLIN) 28180
245 10 - MENCIÓN DEL TÍTULO
Título Historia social de la ciencia /
Mención de responsabilidad, etc. John Desmond Bernal ; [traducción de Juan Ramón Capella].
250 ## - MENCION DE EDICION
Mención de edición 1ª ed.
260 ## - PUBLICACIÓN, DISTRIBUCIÓN, ETC.
Lugar de publicación, distribución, etc. [Barcelona] :
Nombre del editor, distribuidor, etc. Península,
Fecha de publicación, distribución, etc. [1967]
300 ## - DESCRIPCIÓN FÍSICA
Extensión 2 v. :
Otras características físicas il. ;
Dimensiones 21 cm.
505 8# - NOTA DE CONTENIDO CON FORMATO
Nota de contenido con formato Contiene: Vol. I: La ciencia en la historia, 540 p. -- Vol. II: La ciencia de nuestro tiempo, 518 p.
700 1# - ENTRADA AGREGADA--NOMBRE PERSONAL
Nombre de persona Capella, Juan-Ramón.
9 (RLIN) 34819
740 3# - ENTRADA AGREGADA--TÍTULO RELACIONADO/ANALÍTICO NO CONTROLADO
Título relacionado o analítico no controlado La ciencia en la historia.
740 3# - ENTRADA AGREGADA--TÍTULO RELACIONADO/ANALÍTICO NO CONTROLADO
Título relacionado o analítico no controlado La ciencia de nuestro tiempo.
852 ## - LOCALIZACIÓN
Ubicación ES-MaACL
Número de control de estantería G-4525-6
Sublocalización o colección R.65423
Holdings
Estatus retirado Estado de pérdida Estado de daño No para préstamo Biblioteca de origen Biblioteca actual Ubicación en estantería Fecha de adquisición Fuente de adquisición Total de préstamos Signatura topográfica completa Código de barras Visto por última vez Precio de reemplazo Tipo de ítem Koha
        Biblioteca del Ateneo de Madrid Biblioteca del Ateneo de Madrid Depósito 2 17/01/2008     G-4525-6 1033824 23/02/2023 23/02/2023 Libro impreso